Statistiques concernant Hunger Games - Tribus par images

Cliquez ici pour prendre le quiz!

Statistiques générales

  • Ce quiz a été pris 36 fois
  • Le résultat moyen est 15 sur 38

Statistiques - réponses

Réponse% Correct
Katniss Everdeen
100%
Peeta Mellark
94%
Rue
90%
Haymitch Abernathy
87%
Finnick Odair
84%
Cato
74%
Johanna Mason
74%
Lucy Gray
74%
Beetee
65%
La Renarde
65%
Clove
61%
Glimmer
58%
Annie Cresta
55%
Mags
55%
Les drogués
48%
Marvel
48%
Thresh
42%
Wiress
42%
Enobaria
35%
Brutus
32%
Cashmere
32%
Gloss
32%
Marcus
13%
Chaff
10%
Coral
10%
Reaper
10%
Wovey
10%
Bobbin
6%
Dill
6%
Jessup
6%
Lamina
6%
Mizzen
6%
Seeder
6%
Tanner
6%
Treech
6%
Woof
6%
Blight
3%
Brandy
3%

Distribution des résultats

Percentile par nombre de réponses

% des personnes avec chaque résultat

Votre développement - résultats

Vous n’avez pas pris ce quiz